00345nam a2200097Ia 4500008004100000245008300041245003600124260000900160650002700169856005100196171204s9999 xx 000 0 und d aInformation Quality: The Potential of Data and Analytics to Generate Knowledge cGalit Shmueli and Ron S. Kenett c2016 xINFORMATION MANAGEMENT uhttp://down.ebook777.com/052/9781118874448.pdf